000 00633nam a2200253Ia 4500
005 20260121160940.0
008 008 260114s9999 xx 000 0 eng d
020 _a9780203796344
037 _aEBOOK
040 _aCRL
040 _beng
040 _cCRL
041 _2eng
041 _aeng
084 _qCRL
100 _a Zane Ma Rhea
_91038316
245 0 _aLeading and Managing Indigenous Education in the Postcolonial World
260 _bTaylor and Francis
260 _c2015
856 _uhttp://www.taylorfrancis.com/books/9780203796344
942 _cEBOOK
999 _c1605132
_d1605132